| 000 | 00559 a2200205 4500 | ||
|---|---|---|---|
| 005 | 20260402142751.0 | ||
| 008 | 260402b |||||||| |||| 00| 0 eng d | ||
| 020 |
_a9789360804367 _cRs. 1595.00 |
||
| 040 | _aMAIN | ||
| 082 |
_a305.5122 _bG939B |
||
| 100 | _aGuha, Sumit | ||
| 245 | _aBeyond caste: Identity and power in South Asia, past and present | ||
| 260 |
_bManohar Publishers _c2026 _aNew Delhi |
||
| 300 | _axviii, 236 | ||
| 650 | _aSociology | ||
| 650 | _aSocial Groups | ||
| 650 | _aSocial Classes | ||
| 650 | _aCaste Groups | ||
| 942 | _cBK | ||
| 999 |
_c394653 _d394653 |
||